00468 2200145 4500245014000000250001000140100002600150650001600176005001900192260000900211041001400220084001100234500006800245336000900313 aLaporan Akhir Program Pengalaman Lapangan (PPL) Mahasiswa Bimbingan dan Konseling Tahun Akademik 2010/2011cAriesanti Juwita SarihText aCet 1 aAriesanti Juwita Sari aLaporan PPL a20231030132345 c2011 aIndonesia a378.34 aJurusan Bimbingan dan Konseling, Fakultas Ilmu Pendidikan - UNJ atext